<?xml version="1.0" encoding="UTF-8"?><OAI-PMH xmlns="http://www.openarchives.org/OAI/2.0/" xmlns:xsi="http://www.w3.org/2001/XMLSchema-instance"     xsi:schemaLocation="http://www.openarchives.org/OAI/2.0/ http://www.openarchives.org/OAI/2.0/OAI-PMH.xsd"><responseDate>2026-06-04T09:44:14Z</responseDate><request verb="GetRecord" identifier="oai:regmurcia.com:fintegr.474" metadataPrefix="marc21">http://oai.regmurcia.com/oai2/oai2.php</request><GetRecord><record><header><identifier>oai:regmurcia.com:fintegr.474</identifier><datestamp>2026-06-04</datestamp><setSpec>documentos</setSpec></header><metadata><record  xmlns="http://www.loc.gov/MARC21/slim" xmlns:xsi="http://www.w3.org/2001/XMLSchema-instance" xsi:schemaLocation="http://www.loc.gov/MARC21/slim http://www.loc.gov/standards/marcxml/schema/MARC21slim.xsd" type="Bibliographic"><leader>00000nam a2200000   4500</leader><controlfield tag="001" >005126250</controlfield><controlfield tag="003" >474</controlfield><controlfield tag="004" >A00000000</controlfield><datafield tag="245" ind1=" " ind2=" "><subfield code="a">Carta de merced de Isabel la Católica al concejo de Murcia autorizando que haya un mercado franco en la ciudad.</subfield></datafield><datafield tag="300" ind1=" " ind2=" "><subfield code="c">322 x 300 mm.</subfield></datafield><datafield tag="351" ind1=" " ind2=" "><subfield code="a">Unidad Documental</subfield><subfield code="c">Archivo de Murcia. Array</subfield><subfield code="a">Unidad Documental</subfield><subfield code="c">Archivo de Murcia. Array</subfield></datafield><datafield tag="351" ind1=" " ind2=" "><subfield code="b">Nº 172</subfield></datafield><datafield tag="505" ind1=" " ind2=" "><subfield code="a">/codom/19/078.pdf</subfield></datafield><datafield tag="506" ind1=" " ind2=" "><subfield code="a">Acceso restringido</subfield></datafield><datafield tag="510" ind1=" " ind2=" "><subfield code="a">Pub. MORATALLA COLLADO, ANDREA. Documentos de los Reyes Católicos 1475-1491. Murcia: Academia Alfonso X el Sabio, 2003, pp. 139-144</subfield></datafield><datafield tag="520" ind1=" " ind2=" "><subfield code="a">Isabel la Católica autoriza a la ciudad de Murcia la existencia de un mercado franco en la ciudad semanalmente. Todas las personas de cualquier condición y origen podrán acudir libremente a dicho mercado y no estarán obligados a pagar tributo por las mercancías que vendan, aunque dicha franqueza no se extiende a los extranjeros ni a los que comercian con higos, pasas, linos y semillas. Igualmente, la reina deja claro que la autorización del mercado franco no debe entenderse como un descuento o una desaparición del impuesto de la alcabala, al contrario, ésta deberá pagarse como está establecido.</subfield></datafield><datafield tag="583" ind1=" " ind2=" "><subfield code="u">http://www.regmurcia.com/servlet/s.Sl?METHOD=VERDOCUMENTO&amp;sit=serv,Carmesi&amp;n=/01/1069/indice.djvu</subfield></datafield><datafield tag="592" ind1=" " ind2=" "><subfield code="a">1476-06-04</subfield></datafield><datafield tag="592" ind1=" " ind2=" "><subfield code="d">1476-06-04 00:00:00</subfield></datafield><datafield tag="651" ind1=" " ind2=" "><subfield code="a">Valladolid</subfield></datafield><datafield tag="786" ind1=" " ind2=" "><subfield code="o">http://www.regmurcia.com/servlet/s.Sl?METHOD=VERDOCUMENTO&amp;sit=serv,Carmesi&amp;n=/01/1069/indice.djvu</subfield></datafield><datafield tag="856" ind1=" " ind2=" "><subfield code="u">http://www.regmurcia.com/servlet/s.Sl?METHOD=DETALLE&amp;sit=c,373,m,139,serv,Carmesi&amp;id=474</subfield></datafield></record></metadata></record></GetRecord></OAI-PMH>
